• 首页
  • 本馆介绍
  • 公告通知
  • 最新文献
  • 馆藏检索
  • 电子资源
  • 读者导购
  • 参考咨询
  • 我的图书馆
  • 登录
  • 详细信息显示
  • 放入我的书架
  • 预约/预借图书
  • 作者相关作品
  • 分类相关作品
  • 丛书相关作品
  • 出版社相关作品

书目信息

  • 表格格式
  • 工作单格式
  • 卡片格式
题名:
中国文学家辞典
    
 
作者: ;北京语言学院《中国文学家辞典》编委会 编
分册: 古代第一分册  
出版信息: 成都   四川人民出版社  1980
页数: 479页
开本: 19cm
丛书名:
单 册:
中图分类: K825.6-61
科图分类:
主题词: 作家--中国--词典
电子资源:
ISBN:
000 00829nam0 2200229 45
001 0180000671
005 20060602092843.60
010    @dCNY1.40
091    @a17118.29
100    @a19950612d1980 em y0chiy0121 ea
101 0  @achi
102    @aCN@b510000
105    @ay e 000yy
200 10 @a中国文学家辞典@Azhong guo wen xue jia ci dian@h古代第一分册@f北京语言学院《中国文学家辞典》编委会编@Fbei jing yu yan xue yuan《zhong guo wen xue jia ci dian》bian wei hui bian
210    @a成都@c四川人民出版社@d1980
215    @a479页@d19cm
606    @a作家@y中国@x词典
690    @aK825.6-61@v3
711  0 @a北京语言学院《中国文学家辞典》编委会@Abei jing yu yan xue yuan《zhong guo wen xue jia ci dian》bian wei hui@4编
801  2 @aCN@bNLC@c20060602
801  0 @aCN@b上海图书馆@c20040513
905    @f1@b178982@dK825.6-61@e26:1
    
    中国文学家辞典.古代第一分册/北京语言学院《中国文学家辞典》编委会编.-成都:四川人民出版社,1980
    479页;19cm
    
    
    ISBN :CNY1.40
    
●
相关链接 在E读中查询图书 在五车中查询图书 在当当中查询图书 在豆瓣中查询图书


正题名:中国文学家辞典     索取号:K825.6-61/26:1         预约/预借

序号 登录号 条形码 馆藏地/架位号 状态 备注
1 0009375   202254158   密集书库/ [索取号:K825.6-61/26:1] 在馆    
2 0009436   202254194   密集书库/ [索取号:K825.6-61/26:1] 在馆    
3 0178982   001406473   第二借阅区/ [索取号:K825.6-61/26:1] 在馆    
4 0178983   001406437   第二样本阅览室/ [索取号:K825.6-61/26:1] 在馆    
5 0420549   204205494   密集书库/ [索取号:K825.6-61/26:1] 在馆    
唐山师范学院图书馆 欢迎您!
大连网信软件有限公司© 版权所有